| 000 | 00573nam a2200181Ia 4500 | ||
|---|---|---|---|
| 003 | GCL | ||
| 008 | 140319s9999 xx 000 0 eng d | ||
| 040 |
_aGCL / _cGCL |
||
| 082 | 0 | 4 |
_a616.89022 _bH W |
| 100 | 1 | _aHARRIS, SCOTT O. | |
| 245 | 1 | 0 |
_aWHEN GRSWING UP HUTS TOO MUCH: A PARENT'S GUIDE TO KNOWING WHEN AND HOW TO CHOOSE A THERAPIST WITH YOUR TEENAGER / _cHARRIS, SCOTT O. |
| 700 | 1 | _aREYNDDS, EDWARD N. | |
| 260 |
_a[S.N] : _bLEXINGTON BOOKS ، _c1990 |
||
| 300 | _a141 P | ||
| 650 | 0 | 4 | _aPOPULAR - WORKS |
| 650 | 0 | 4 | _aADDESCENT PSYCHOPATHOLOGY |
| 942 |
_2ddc _cBK |
||
| 999 |
_c10821 _d10821 |
||